Resolución de conflictos y aprendizaje emocional : Una perspectiva de género /

Las conductas violentas y las agresiones están aumentando de forma alarmante entre los jóvenes, de manera que la educación emocional adecuada parece ser una asignatura pendiente. No tratar las emociones y de resolución de conflictos en la enseñanza obligatoria significa mantener a los alumnos en un...

Descripción completa

Detalles Bibliográficos
Autor principal: Sastre, Genoveva
Otros Autores: Moreno Marimón, Montserrat
Formato: Libro
Lenguaje:español
Publicado: Barcelona Gedisa 2002
Colección:Biblioteca de Educación. Prevención, administración y resolución de conflictos 1
Materias:

MARC

LEADER 00000cam a2200000 a 4500
001 014302
003 UAHC_CL
005 20170803121124.0
008 071004s2007 sp 000 spa
020 |z 9788474328888 
040 |a UAHC_CL  |c UAHC_CL  |d UAHC_CL 
100 1 |a Sastre, Genoveva 
245 1 0 |a Resolución de conflictos y aprendizaje emocional :  |b Una perspectiva de género /  |c Genoveva Sastre Vilarrasa, Monserrat Moreno Marimon. 
260 |b Gedisa  |a Barcelona  |c 2002 
300 |a 286 p. 
490 0 |a Biblioteca de Educación. Prevención, administración y resolución de conflictos  |v 1 
520 |a Las conductas violentas y las agresiones están aumentando de forma alarmante entre los jóvenes, de manera que la educación emocional adecuada parece ser una asignatura pendiente. No tratar las emociones y de resolución de conflictos en la enseñanza obligatoria significa mantener a los alumnos en un analfabetismo emocional que les dificultara la superación de los conflictos que se les presentaran en todas las edades. Una formación para la vida no puede consistir en intervenciones ocasionales cuando un conflicto ya se ha convertido en violencia, sino que se requiere un proceso continuado de aprendizaje desde los primeros años de escolaridad. Tras muchos años de experiencia en la práctica y en la investigación sobre el aprendizaje emocional y resolución de conflictos, las autoras ofrecen en este volumen sus reflexiones sobre esta enseñanza tan importante y un amplio programa de recursos y ejercicios. La organización por edades de este libro y las útiles sugerencias para tratar temas precisos brindan a los profesores de primaria y secundaria instrumentos fáciles de usar en clase. 
650 4 |a EDUCACION BASICA  |x CONFLICTOS 
650 4 |a CONDUCTA AFECTIVA 
650 4 |a EMOCIONES 
650 4 |a PSICOLOGIA DEL APRENDIZAJE 
650 4 |a EDUCACION MEDIA  |x CONFLICTOS 
653 |a MAGISTER EN EDUCACION EMOCIONAL 
700 1 |a Moreno Marimón, Montserrat 
900 |a 370.153 SAS 
942 |c BK 
952 |0 0  |1 0  |4 0  |6 370_153000000000000_SAS  |7 0  |8 General  |9 28660  |a BC  |b BC  |c General  |d 2017-08-03  |l 1  |o 370.153 SAS  |p 1360350  |r 2026-01-13 00:00:00  |s 2023-05-29  |t 1  |w 2017-08-03  |y BK 
952 |0 0  |1 0  |4 0  |6 370_153000000000000_SAS  |7 0  |8 General  |9 28661  |a BC  |b BC  |c General  |d 2017-08-03  |l 1  |m 3  |o 370.153 SAS  |p 1360351  |r 2026-01-13 00:00:00  |s 2022-04-04  |t 2  |w 2017-08-03  |y BK 
952 |0 0  |1 0  |4 0  |6 370_153000000000000_SAS  |7 0  |8 General  |9 28662  |a BC  |b BC  |c General  |d 2017-08-03  |o 370.153 SAS  |p 1361977  |r 2026-01-13 00:00:00  |t 3  |w 2017-08-03  |y BK 
999 |c 14302  |d 14302